000 00426nam a2200169Ia 4500
008 221030s9999 xx 000 0 und d
020 _a8178087510
041 _aEnglish
082 _a105.23
_bSch
100 _aD. C. Schmidt
245 0 _aC++ Network Programming
_cby D. C. Schmidt, S.D. Huston
260 _bPearson Education
_aDelhi
_c2004
300 _a305
650 _aComputers
700 _aS.D. Huston
942 _cBK
999 _c511
_d511